000 00584nam a2200157 4500
008 240105b |||||||| |||| 00| 0 eng d
082 _a305.42
_bUNI
110 _aUnited Nations Committee on the Elimination of Discrimination Against Women
245 _aTalibanisation & poor governance :
_bundermining CEDAW in Pakistan, second shadow report
260 _aLahore:
_bShirkat Gah,
_c[2007?]
300 _a ii, 41 p. : ill. ; 26 cm
650 _aPakistan- Politics and government
650 _aWomen- Legal status, laws, -Pakistan
650 _aWomen's rights- Pakistan
942 _cRP
999 _c4590
_d4590